[Event "Obro 60 aar"]
[Site "Kobenhavn"]
[Date "1996.10.20"]
[Round "9"]
[White "Nolsoe, Eydun"]
[Black "El Kher, Henrik"]
[Result "0-1"]
[WhiteElo "2160"]
[BlackElo "2200"]
[PlyCount "82"]
[EventDate "1996.10.12"]
[EventCountry "DEN"]
[SourceVersionDate "2022.08.28"]

1. e4 c5 2. Nf3 e6 3. d4 cxd4 4. Nxd4 Nf6 5. Nc3 d6 6. Be2 Be7 7. O-O O-O 8.
Be3 a6 9. a4 Nc6 10. f4 Qc7 11. Kh1 Bd7 12. Nb3 b6 13. Bf3 Rab8 14. Qe2 Bc8 15.
Rad1 Na5 16. Nd4 Nd7 17. g4 Re8 18. g5 Bf8 19. Qf2 g6 20. Bg2 Bg7 21. Bc1 Nc6
22. Ndb5 axb5 23. Nxb5 Qd8 24. Nxd6 Rf8 25. e5 Ne7 26. b3 Ba6 27. c4 Nc8 28.
Ba3 Nxd6 29. Bxd6 Ra8 30. Bxf8 Bxf8 31. Rxd7 Qc8 32. Bxa8 Qxd7 33. Qf3 Qd2 34.
Rd1 Qc2 35. Be4 Qb2 36. Rb1 Qa2 37. Qc3 Bb7 38. Re1 Bxe4+ 39. Rxe4 Qf2 40. Qe1
Qf3+ 41. Kg1 Bc5+ 0-1

[Event "Obro 60 aar"]
[Site "Kobenhavn"]
[Date "1996.10.20"]
[Round "9"]
[White "Johansen, Morten"]
[Black "Pedersen, Thomas Vils"]
[Result "0-1"]
[WhiteElo "2220"]
[BlackElo "2000"]
[PlyCount "66"]
[EventDate "1996.10.12"]
[EventCountry "DEN"]
[SourceVersionDate "2022.08.28"]

1. e4 d5 2. exd5 Qxd5 3. Nc3 Qa5 4. d4 Nf6 5. Bc4 Bg4 6. f3 Bf5 7. Bd2 Nc6 8.
Nd5 Nxd5 9. Bxa5 Ne3 10. Qd2 Nxc2+ 11. Kf2 Nxa1 12. Bc3 Nc2 13. g4 Bg6 14. Bd3
N2xd4 15. b4 O-O-O 16. Bxg6 hxg6 17. Qb2 Ne5 18. Qb1 Ndc6 19. Qe4 Nd3+ 20. Kg2
e5 21. a3 Nf4+ 22. Kf2 Be7 23. Ne2 Bh4+ 24. Ng3 Bxg3+ 25. Kxg3 Rh3+ 26. Kf2 Nd4
27. Bxd4 Rxd4 28. Qc2 Rd3 29. Qa4 Rhxf3+ 30. Ke1 Rfe3+ 31. Kf2 Re2+ 32. Kf1
Rf3+ 33. Kg1 Re1# 0-1

[Event "Obro 60 aar"]
[Site "Kobenhavn"]
[Date "1996.10.20"]
[Round "9"]
[White "Jakobsen, Ole"]
[Black "Brinck Claussen, Bjorn"]
[Result "0-1"]
[WhiteElo "2400"]
[BlackElo "2395"]
[PlyCount "92"]
[EventDate "1996.10.12"]
[EventCountry "DEN"]
[SourceVersionDate "2022.08.28"]

1. d4 Nf6 2. c4 g6 3. Nc3 d5 4. Nf3 Bg7 5. Qb3 dxc4 6. Qxc4 O-O 7. e4 Na6 8.
Be2 c5 9. d5 e6 10. O-O exd5 11. exd5 Bf5 12. Bg5 Re8 13. Rad1 h6 14. Bxf6 Qxf6
15. Qa4 Rxe2 16. Nxe2 Qxb2 17. Rd2 Qb4 18. Qxb4 Nxb4 19. a3 Na6 20. Ng3 Bd7 21.
Ne4 c4 22. Nd4 f5 23. Nc3 Nc5 24. Rb1 Rc8 25. Nde2 Nb3 26. Rdd1 b5 27. d6 Kf7
28. Nd5 Rc5 29. f4 a5 30. Kf2 Rc6 31. Ke3 Rxd6 32. Nc7 Ke7 33. Nd5+ Kd8 34.
Ndc3 Re6+ 35. Kf2 Kc8 36. Nd5 Bf8 37. Nc1 Nxc1 38. Rbxc1 Bxa3 39. Rc2 Bc5+ 40.
Kf1 a4 41. Rcd2 Bc6 42. Nc3 b4 43. Ne2 c3 44. Rd8+ Kc7 45. Nd4 Bxd4 46. R8xd4
c2 0-1

[Event "Obro 60 aar"]
[Site "Kobenhavn"]
[Date "1996.10.20"]
[Round "9"]
[White "Rimestad, Arild"]
[Black "Vestergaard, Kenneth"]
[Result "0-1"]
[WhiteElo "2000"]
[BlackElo "2000"]
[PlyCount "56"]
[EventDate "1996.10.12"]
[EventCountry "DEN"]
[SourceVersionDate "2022.08.28"]

1. e4 c5 2. Nc3 Nc6 3. g3 g6 4. Bg2 Bg7 5. d3 d6 6. Be3 e6 7. Qd2 Rb8 8. f4
Nge7 9. Nf3 b5 10. O-O b4 11. Nd1 Nd4 12. c3 bxc3 13. bxc3 Ndc6 14. d4 Ba6 15.
Re1 cxd4 16. cxd4 O-O 17. Rc1 Na5 18. Bf1 Bxf1 19. Kxf1 d5 20. exd5 Qxd5 21.
Qg2 Rfc8 22. Nc3 Qc4+ 23. Ne2 Qxa2 24. d5 Nc4 25. Bf2 Nxd5 26. Qg1 Qa3 27. Kg2
Nce3+ 28. Kh1 Nc2 0-1

[Event "Obro 60 aar"]
[Site "Kobenhavn"]
[Date "1996.10.20"]
[Round "9"]
[White "Larsen, Karsten"]
[Black "Petersen, Steen Brustrup"]
[Result "1/2-1/2"]
[WhiteElo "2000"]
[BlackElo "2150"]
[PlyCount "43"]
[EventDate "1996.10.12"]
[EventCountry "DEN"]
[SourceVersionDate "2022.08.28"]

1. e4 c5 2. Nf3 d6 3. Bb5+ Bd7 4. Bxd7+ Qxd7 5. O-O Nc6 6. c3 Nf6 7. d4 Nxe4 8.
d5 Ne5 9. Nxe5 dxe5 10. Re1 Nf6 11. Rxe5 O-O-O 12. c4 e6 13. Nc3 Bd6 14. Re1
exd5 15. cxd5 Rhe8 16. Bg5 Rxe1+ 17. Qxe1 Re8 18. Qd2 Be5 19. Bxf6 Bxf6 20. Rd1
Bd4 21. h3 Re5 22. Kh1 1/2-1/2

[Event "Obro 60 aar"]
[Site "Kobenhavn"]
[Date "1996.10.20"]
[Round "9"]
[White "Olsen, Peter Erik"]
[Black "Aagaard, Jacob"]
[Result "1-0"]
[WhiteElo "2240"]
[BlackElo "2370"]
[PlyCount "71"]
[EventDate "1996.10.12"]
[EventCountry "DEN"]
[SourceVersionDate "2022.08.28"]

1. d4 Nf6 2. c4 e6 3. Nc3 Bb4 4. g3 O-O 5. Bg2 d5 6. Nf3 dxc4 7. O-O Nc6 8. a3
Bd6 9. Qa4 e5 10. Qxc4 a6 11. d5 b5 12. Qd3 Ne7 13. Bg5 Nd7 14. e4 h6 15. Bd2
Nb6 16. b3 Bb7 17. Be3 Ng6 18. Rfd1 Qe7 19. a4 b4 20. Bxb6 cxb6 21. Ne2 a5 22.
Nd2 Ba6 23. Nc4 Rfc8 24. Rdc1 Rc5 25. Rc2 b5 26. axb5 Bxb5 27. Bf1 Qc7 28. Nc1
a4 29. bxa4 Rxa4 30. Rxa4 Bxa4 31. Nb3 Nf8 32. Rc1 Nd7 33. Nxc5 Nxc5 34. Nxd6
Qxd6 35. Qc4 Nb3 36. Rb1 1-0

[Event "Obro 60 aar"]
[Site "Kobenhavn"]
[Date "1996.10.20"]
[Round "9"]
[White "Jensen, Henrik W"]
[Black "Tonning, Erik"]
[Result "1-0"]
[WhiteElo "2150"]
[BlackElo "2205"]
[PlyCount "73"]
[EventDate "1996.10.12"]
[EventCountry "DEN"]
[SourceVersionDate "2022.08.28"]

1. e4 d5 2. exd5 Nf6 3. d4 Bg4 4. Nf3 Qxd5 5. Be2 Nc6 6. c4 Qd7 7. Be3 O-O-O 8.
Nbd2 e6 9. O-O Bb4 10. Nb3 Rhe8 11. Qc1 Kb8 12. Rd1 Bf8 13. a3 Qc8 14. Qc3 Ne4
15. Qe1 f6 16. Nbd2 Nxd2 17. Rxd2 e5 18. d5 Na5 19. Rc2 Nb3 20. Rd1 a5 21. c5
Qf5 22. Qc3 a4 23. d6 cxd6 24. c6 Nc5 25. cxb7 Rd7 26. Bb5 Rxb7 27. Bxe8 Bxf3
28. gxf3 Qxf3 29. Rdc1 Qg4+ 30. Kf1 Rb3 31. Qa5 Qh3+ 32. Ke1 Rxe3+ 33. fxe3
Qxe3+ 34. Kf1 Qh3+ 35. Kg1 Qe3+ 36. Kh1 Qe4+ 37. Rg2 1-0

[Event "Obro 60 aar"]
[Site "Kobenhavn"]
[Date "1996.10.20"]
[Round "9"]
[White "Kirkegaard, Niels"]
[Black "Nielsen, Poul Steen"]
[Result "1-0"]
[WhiteElo "2000"]
[BlackElo "2000"]
[PlyCount "61"]
[EventDate "1996.10.12"]
[EventCountry "DEN"]
[SourceVersionDate "2022.08.28"]

1. e4 d5 2. exd5 Qxd5 3. Nc3 Qa5 4. d4 Bf5 5. Bc4 e6 6. Bd2 c6 7. Qe2 Qc7 8. d5
e5 9. Nf3 Nd7 10. O-O-O f6 11. Nd4 Ne7 12. Ne6 Bxe6 13. dxe6 Nb6 14. Bb3 O-O-O
15. Be3 Ned5 16. Nxd5 Nxd5 17. Rd2 Bb4 18. c3 Ba5 19. Rhd1 Nxe3 20. Qxe3 Bb6
21. Qh3 Rxd2 22. Rxd2 Qe7 23. Rd7 Qc5 24. a4 Qxf2 25. Qg4 g5 26. Kb1 Be3 27.
Qb4 Bb6 28. a5 Bc7 29. Qe7 Bd8 30. Qg7 Re8 31. Rxb7 1-0

[Event "Obro 60 aar"]
[Site "Kobenhavn"]
[Date "1996.10.20"]
[Round "9"]
[White "Spoer, Morten"]
[Black "Petersen, Nils"]
[Result "1-0"]
[WhiteElo "2000"]
[BlackElo "2135"]
[PlyCount "85"]
[EventDate "1996.10.12"]
[EventCountry "DEN"]
[SourceVersionDate "2022.08.28"]

1. e4 c5 2. Nc3 e6 3. g3 Nc6 4. Bg2 g6 5. Nge2 Bg7 6. O-O Nge7 7. d3 d5 8. exd5
exd5 9. Bg5 Be6 10. Nf4 Qd7 11. Re1 O-O-O 12. Nxe6 fxe6 13. Bh3 Nd4 14. Na4 Qd6
15. c3 Ndf5 16. Qe2 b5 17. Nxc5 Qxc5 18. Qxe6+ Rd7 19. Bxe7 Qb6 20. Bxf5 gxf5
21. Qxf5 Qg6 22. Qxg6 hxg6 23. d4 a5 24. Bc5 Bf8 25. Re8+ Rd8 26. Rxf8 Rhxf8
27. Bxf8 Rxf8 28. Re1 Kd7 29. f4 b4 30. Re5 Kd6 31. Rg5 Rf6 32. Kf2 bxc3 33.
bxc3 Kc6 34. a4 Kd6 35. h4 Kc6 36. Kf3 Kd6 37. g4 Kc6 38. f5 gxf5 39. Rxf5 Re6
40. Kf4 Re4+ 41. Kg5 Re3 42. h5 Rxc3 43. h6 1-0

[Event "Obro 60 aar"]
[Site "Kobenhavn"]
[Date "1996.10.20"]
[Round "9"]
[White "Fredericia, Louise Winther"]
[Black "Malekian, Babak"]
[Result "1-0"]
[WhiteElo "2000"]
[BlackElo "2275"]
[PlyCount "79"]
[EventDate "1996.10.12"]
[EventCountry "DEN"]
[SourceVersionDate "2022.08.28"]

1. e4 g6 2. d4 c6 3. Nf3 d5 4. Nbd2 Bg4 5. c3 Bg7 6. h3 Bxf3 7. Qxf3 Nh6 8. Bd3
O-O 9. O-O Qd6 10. Re1 Nd7 11. g4 f6 12. Nf1 Nf7 13. Bf4 e5 14. Bg3 Nb6 15. a4
a5 16. Qe3 Qd8 17. Red1 Bh6 18. Qe2 exd4 19. exd5 Re8 20. Qc2 Ng5 21. d6 Nxh3+
22. Kh1 Nf4 23. Be4 c5 24. cxd4 c4 25. Ne3 Kh8 26. Bxb7 Rb8 27. Bc6 Qxd6 28.
Bxe8 Rxe8 29. Ng2 Qd5 30. Bxf4 Bxf4 31. Re1 Rxe1+ 32. Rxe1 Bd6 33. Qd2 Kg7 34.
Qd1 Qg5 35. Qf3 Nd5 36. Kg1 h5 37. gxh5 Nf4 38. Kf1 Nd3 39. Rd1 Nxb2 40. Qb7+
1-0

[Event "Obro 60 aar"]
[Site "Kobenhavn"]
[Date "1996.10.20"]
[Round "9"]
[White "Palm, Nikolaj"]
[Black "Nilsson, Nils Specht"]
[Result "1-0"]
[WhiteElo "2260"]
[BlackElo "2235"]
[PlyCount "103"]
[EventDate "1996.10.12"]
[EventCountry "DEN"]
[SourceVersionDate "2022.08.28"]

1. d4 Nf6 2. c4 e6 3. Nc3 Bb4 4. a3 Bxc3+ 5. bxc3 d6 6. Nf3 b6 7. Bg5 Bb7 8. e3
h6 9. Bh4 g5 10. Bg3 Ne4 11. Nd2 Nxd2 12. Qxd2 Nd7 13. f3 f5 14. Bd3 Qf6 15. a4
a5 16. Rb1 h5 17. e4 h4 18. Bf2 h3 19. Rg1 O-O-O 20. exf5 exf5 21. gxh3 Rde8+
22. Kf1 f4 23. h4 Qe6 24. Rxg5 Qh3+ 25. Kg1 Qxf3 26. d5 Ne5 27. Bf5+ Kb8 28.
Bd4 Rhg8 29. Rf1 Rxg5+ 30. hxg5 Qh5 31. Qxf4 Nxc4 32. Bg4 Qg6 33. Qf5 Qg8 34.
Bh5 Bc8 35. Qg6 Qxg6 36. Bxg6 Rg8 37. Rf6 b5 38. axb5 a4 39. h4 Rxg6 40. Rxg6
a3 41. Rf6 a2 42. Rf1 Bf5 43. Ra1 Bb1 44. g6 Bxg6 45. Rxa2 Bf7 46. Rf2 Bxd5 47.
h5 Na3 48. h6 Be4 49. Rf7 Nxb5 50. h7 Bxh7 51. Rxh7 c5 52. Bf6 1-0

[Event "Obro 60 aar"]
[Site "Kobenhavn"]
[Date "1996.10.20"]
[Round "9"]
[White "Backlund, Anders"]
[Black "Hartvig, Ove Weiss"]
[Result "1/2-1/2"]
[WhiteElo "2190"]
[BlackElo "2310"]
[PlyCount "65"]
[EventDate "1996.10.12"]
[EventCountry "DEN"]
[SourceVersionDate "2022.08.28"]

1. e4 c6 2. d4 d5 3. exd5 cxd5 4. c4 Nf6 5. Nc3 g6 6. Qb3 Bg7 7. cxd5 O-O 8.
Be2 Nbd7 9. Bf3 Nb6 10. Nge2 Bf5 11. Nf4 h6 12. h4 Qd7 13. Be3 Rac8 14. Rd1 Nc4
15. Nd3 Ng4 16. Nc5 Qc7 17. Qxc4 Nxe3 18. fxe3 b6 19. b4 a5 20. a3 axb4 21.
axb4 bxc5 22. bxc5 Bf6 23. O-O Bxh4 24. e4 Bd7 25. e5 Bg5 26. Qd3 Rb8 27. Be4
Bg4 28. Rb1 Rxb1 29. Rxb1 Rb8 30. Rf1 Kg7 31. d6 exd6 32. exd6 Qa5 33. Bd5
1/2-1/2

[Event "Obro 60 aar"]
[Site "Kobenhavn"]
[Date "1996.10.20"]
[Round "9"]
[White "Ronneland, Daniel"]
[Black "Rodgaard, John"]
[Result "0-1"]
[WhiteElo "2190"]
[BlackElo "2375"]
[PlyCount "94"]
[EventDate "1996.10.12"]
[EventCountry "DEN"]
[SourceVersionDate "2022.08.28"]

1. d4 d5 2. c4 e6 3. Nc3 c6 4. Nf3 Nf6 5. e3 Nbd7 6. Bd3 Be7 7. O-O O-O 8. e4
dxe4 9. Nxe4 c5 10. Bg5 cxd4 11. Nxd4 Ne5 12. Bxf6 Bxf6 13. Be2 Ng6 14. Nxf6+
Qxf6 15. Nb5 Qxb2 16. Rb1 Qe5 17. Re1 a6 18. Bf3 Qf4 19. Nd6 Ne5 20. c5 Nxf3+
21. Qxf3 Qxf3 22. gxf3 Rd8 23. Rb6 Rd7 24. Rc1 Rc7 25. Kf1 Kf8 26. Ke2 Ke7 27.
Ke3 Ra7 28. Kd4 Bd7 29. Rcb1 Bc6 30. f4 g6 31. a4 f6 32. a5 Kd8 33. R6b3 Re7
34. Re3 Ra8 35. Rbe1 Kd7 36. f5 e5+ 37. Kc4 g5 38. h4 gxh4 39. f4 Rg8 40. fxe5
Rxe5 41. Rxe5 fxe5 42. Rxe5 h3 43. f6 h2 44. Re7+ Kd8 45. Nf7+ Kc8 46. Nd6+ Kb8
47. f7 Rf8 0-1

[Event "Obro 60 aar"]
[Site "Kobenhavn"]
[Date "1996.10.20"]
[Round "9"]
[White "Jorgensen, Michael"]
[Black "Olsen, Heini"]
[Result "1/2-1/2"]
[WhiteElo "2285"]
[BlackElo "2315"]
[PlyCount "33"]
[EventDate "1996.10.12"]
[EventCountry "DEN"]
[SourceVersionDate "2022.08.28"]

1. d4 Nf6 2. c4 e6 3. Nf3 d5 4. Nc3 Be7 5. Bg5 h6 6. Bh4 O-O 7. e3 Ne4 8. Bxe7
Qxe7 9. cxd5 Nxc3 10. bxc3 exd5 11. Qb3 Rd8 12. c4 dxc4 13. Bxc4 Nc6 14. Be2 b6
15. O-O Bb7 16. Rac1 Rac8 17. Rc3 1/2-1/2

[Event "Obro 60 aar"]
[Site "Kobenhavn"]
[Date "1996.10.20"]
[Round "9"]
[White "Jorgensen, Brian Jorgen"]
[Black "Clausen, Steen"]
[Result "0-1"]
[WhiteElo "2290"]
[BlackElo "2260"]
[PlyCount "213"]
[EventDate "1996.10.12"]
[EventCountry "DEN"]
[SourceVersionDate "2022.08.28"]

1. e4 d6 2. d4 Nf6 3. Nc3 g6 4. f4 Bg7 5. Nf3 O-O 6. Bd3 Na6 7. O-O c5 8. d5
Bg4 9. Bc4 Nc7 10. h3 Bxf3 11. Qxf3 Nd7 12. a4 b6 13. g4 a6 14. Qe2 Qc8 15. Be3
Rb8 16. Rab1 Qb7 17. Qd2 b5 18. axb5 axb5 19. Be2 b4 20. Nd1 e6 21. dxe6 Nxe6
22. Bc4 Nb6 23. Bxe6 fxe6 24. Qxd6 Qxe4 25. Bxc5 Rfd8 26. Nf2 Qd5 27. Qxd5 Nxd5
28. Nd3 Rdc8 29. Kh2 Rb5 30. c4 bxc3 31. bxc3 Rcxc5 32. Nxc5 Rxc5 33. Rb8+ Kf7
34. Rb7+ Ne7 35. Ra1 Rxc3 36. Raa7 Bf8 37. Kg2 Rc5 38. Rc7 Rxc7 39. Rxc7 h6 40.
Rb7 Kf6 41. Kf3 g5 42. Ke4 Nc8 43. Rb8 Nd6+ 44. Kf3 Be7 45. Rh8 Nf7 46. Ra8 Bd6
47. fxg5+ hxg5 48. Ra6 Be7 49. Kg3 Bd6+ 50. Kf3 e5 51. Ke4 Ke6 52. Rb6 Nh6 53.
Ra6 Ng8 54. Ra5 Nf6+ 55. Kf3 Nd5 56. Ra1 Nc3 57. Rh1 Bc5 58. h4 e4+ 59. Kg2
gxh4 60. Rxh4 Be3 61. Rh8 Bd2 62. Re8+ Kf7 63. Re5 Kf6 64. Re8 Kg5 65. Rg8+ Kh4
66. Re8 Kxg4 67. Kf2 Bg5 68. Re6 e3+ 69. Rxe3 Nd1+ 70. Ke2 Nxe3 71. Kd3 Kf3 72.
Kd4 Bf6+ 73. Kc5 Ke4 74. Kd6 Be5+ 75. Kc5 Nf5 76. Kc4 Bd4 77. Kb5 Kd5 78. Ka6
Kc6 79. Ka5 Bc5 80. Ka6 Nd4 81. Ka5 Ne6 82. Ka4 Kd5 83. Kb3 Kd4 84. Kc2 Nf4 85.
Kb3 Kd3 86. Ka4 Kc4 87. Ka5 Nd5 88. Ka6 Nb4+ 89. Kb7 Kd5 90. Kc7 Bd6+ 91. Kb6
Kc4 92. Kb7 Kb5 93. Ka7 Kc6 94. Ka8 Nd5 95. Ka7 Nb6 96. Ka6 Bb8 97. Ka5 Nd5 98.
Ka4 Kc5 99. Ka5 Nb4 100. Ka4 Kc4 101. Ka3 Nd3 102. Ka4 Bc7 103. Ka3 Be5 104.
Ka2 Bd6 105. Kb1 Kc3 106. Ka1 Kc2 107. Ka2 0-1

[Event "Obro 60 aar"]
[Site "Kobenhavn"]
[Date "1996.10.20"]
[Round "9"]
[White "Olesen, Michael"]
[Black "Hansen, Soren Asger"]
[Result "1-0"]
[WhiteElo "2000"]
[BlackElo "2000"]
[PlyCount "125"]
[EventDate "1996.10.12"]
[EventCountry "DEN"]
[SourceVersionDate "2022.08.28"]

1. c4 Nf6 2. Nc3 e6 3. e4 d6 4. d4 Be7 5. Nf3 c5 6. d5 e5 7. Be2 O-O 8. O-O Ne8
9. a3 f5 10. exf5 Bxf5 11. Nd2 Bg6 12. Nde4 Nd7 13. Be3 h6 14. Bd3 Bh7 15. Qc2
Ndf6 16. Ng3 Bxd3 17. Qxd3 Ng4 18. Rab1 Bg5 19. Bxg5 Qxg5 20. h3 Ngf6 21. b4
Nd7 22. Nge4 Qf5 23. bxc5 b6 24. c6 Ndf6 25. Nxf6+ Qxf6 26. Ne4 Qf5 27. Qe3 Qg6
28. f4 Rf5 29. fxe5 Rxe5 30. Rf4 Nc7 31. Rg4 Qh7 32. Qd4 Rf8 33. Nc3 Qc2 34.
Rd1 g5 35. h4 Ne8 36. hxg5 hxg5 37. Qd2 Qf5 38. Rg3 Ng7 39. Rf3 Qg4 40. Rxf8+
Kxf8 41. Rf1+ Ke7 42. Re1 Rxe1+ 43. Qxe1+ Kd8 44. Ne4 Nf5 45. c5 Nh4 46. Qf2
Qd1+ 47. Kh2 Qxd5 48. cxd6 Nf5 49. c7+ Kc8 50. d7+ Qxd7 51. Qxf5 Qxf5 52. Nd6+
Kxc7 53. Nxf5 a5 54. Kg3 b5 55. Kf3 b4 56. axb4 axb4 57. Nd4 Kd6 58. Ke4 g4 59.
Nb3 Kc6 60. g3 Kb5 61. Kd4 Ka4 62. Kc4 Ka3 63. Nc5 1-0

[Event "Obro 60 aar"]
[Site "Kobenhavn"]
[Date "1996.10.20"]
[Round "9"]
[White "Overgaard, Christian M"]
[Black "Olesen, Martin"]
[Result "1/2-1/2"]
[WhiteElo "2270"]
[BlackElo "2370"]
[PlyCount "139"]
[EventDate "1996.10.12"]
[EventCountry "DEN"]
[SourceVersionDate "2022.08.28"]

1. Nf3 d5 2. g3 Nf6 3. Bg2 c6 4. O-O Bg4 5. c4 e6 6. d3 Nbd7 7. Nbd2 Bc5 8. Qc2
O-O 9. b3 a5 10. Bb2 Qe7 11. Rae1 Bb4 12. Qc1 Rfc8 13. a3 Bxf3 14. exf3 Bd6 15.
f4 Qd8 16. Qd1 Bf8 17. Nf3 g6 18. Ne5 Bg7 19. d4 a4 20. b4 dxc4 21. Nxc4 Nb6
22. Ne5 Nbd5 23. Qf3 Qd6 24. Re2 Re8 25. Rfe1 Nc7 26. Nc4 Qd5 27. Qd3 Qf5 28.
Qd1 Qh5 29. Nb6 Rad8 30. Nxa4 Nb5 31. Nc5 Nd5 32. Nxb7 Ndc3 33. Bxc3 Nxc3 34.
Qc2 Nxe2+ 35. Qxe2 Qxe2 36. Rxe2 Rxd4 37. Bxc6 Rc8 38. Rc2 Rd1+ 39. Kg2 Ra1 40.
a4 Bf8 41. b5 Rxa4 42. Rd2 Rb4 43. Rd7 Rb2 44. Nd8 Bc5 45. Nxf7 Rxf2+ 46. Kh3
Rb2 47. Nh6+ Kh8 48. Nf7+ Kg8 49. Ng5 Bg1 50. Nxe6 Rxh2+ 51. Kg4 Rb2 52. Kg5
Rb8 53. Kf6 Kh8 54. Nd8 Rb4 55. Nf7+ Kg8 56. Ng5 Bd4+ 57. Ke6 Bg7 58. Kd6 R4xb5
59. Bxb5 Rxb5 60. Rd8+ Bf8+ 61. Ke6 Rb6+ 62. Ke5 Rb5+ 63. Ke4 Rb4+ 64. Kf3 Rb3+
65. Kg2 Rb7 66. Ne6 Rf7 67. Kf3 Rf6 68. Ng5 h6 69. Ne4 Rf7 70. Nd6 1/2-1/2

[Event "Obro 60 aar"]
[Site "Kobenhavn"]
[Date "1996.10.20"]
[Round "9"]
[White "Larsen, Peter"]
[Black "Nilssen, John Arni"]
[Result "1/2-1/2"]
[WhiteElo "2085"]
[BlackElo "2230"]
[PlyCount "169"]
[EventDate "1996.10.12"]
[EventCountry "DEN"]
[SourceVersionDate "2022.08.28"]

1. e4 c5 2. Nf3 Nc6 3. c3 d5 4. exd5 Qxd5 5. d4 Bg4 6. Be2 cxd4 7. cxd4 Nf6 8.
Nc3 Qa5 9. O-O e6 10. a3 Be7 11. Qb3 Bxf3 12. Bxf3 Nxd4 13. Qxb7 Nxf3+ 14. Qxf3
O-O 15. Rb1 Rfd8 16. b4 Qa6 17. Bb2 Qb6 18. Ne4 Nxe4 19. Qxe4 a5 20. Bc3 axb4
21. Bxb4 Bxb4 22. Rxb4 Qa5 23. a4 Rab8 24. Rxb8 Rxb8 25. h3 g6 26. Rd1 Qc5 27.
Rb1 Rd8 28. Qb4 Rd1+ 29. Kh2 Qxb4 30. Rxb4 Ra1 31. Rb8+ Kg7 32. Ra8 h5 33. g3
Kf6 34. Ra7 e5 35. Kg2 e4 36. Ra8 g5 37. Ra6+ Kg7 38. h4 g4 39. Ra8 Kh7 40. Ra5
Kh6 41. Rf5 Rxa4 42. Rxf7 Ra3 43. Re7 Ra4 44. Re6+ Kg7 45. Kf1 Ra2 46. Rxe4 Rb2
47. Re5 Kg6 48. Ke1 Ra2 49. Rg5+ Kh6 50. Rd5 Kg6 51. Rd6+ Kg7 52. Rd2 Ra5 53.
Ke2 Re5+ 54. Kd3 Kf6 55. Ra2 Rf5 56. Ra6+ Kg7 57. Ke3 Rf3+ 58. Ke2 Rf5 59. Re6
Kf7 60. Re4 Kg6 61. Rf4 Ra5 62. Rd4 Rf5 63. Re4 Kg7 64. Rf4 Ra5 65. Rd4 Rf5 66.
Rd6 Kf7 67. Ra6 Kg7 68. Ra2 Kg6 69. Ke3 Rf3+ 70. Ke4 Rf6 71. Rd2 Re6+ 72. Kf4
Rf6+ 73. Ke5 Rf5+ 74. Ke4 Rf6 75. Rc2 Rf3 76. Rc6+ Kg7 77. Rc5 Kg6 78. Rg5+ Kh6
79. Rf5 Ra3 80. Ke5 Kg6 81. Rf6+ Kg7 82. Rd6 Rf3 83. Rd7+ Kg6 84. Rd6+ Kg7 85.
Rd7+ 1/2-1/2

[Event "Obro 60 aar"]
[Site "Kobenhavn"]
[Date "1996.10.20"]
[Round "9"]
[White "Larsen, Pelle O"]
[Black "Nilsson, Lars Kjoller"]
[Result "1-0"]
[WhiteElo "2000"]
[BlackElo "2200"]
[PlyCount "109"]
[EventDate "1996.10.12"]
[EventCountry "DEN"]
[SourceVersionDate "2022.08.28"]

1. e4 c5 2. Nf3 d6 3. d4 cxd4 4. Nxd4 Nf6 5. Nc3 Nc6 6. Bg5 Bd7 7. Be2 Rc8 8.
O-O e6 9. Ndb5 Qe7 10. Bf4 Ne5 11. Nxa7 Rxc3 12. bxc3 Nxe4 13. Qd4 f5 14. Bxe5
dxe5 15. Qxe5 Qd6 16. Qxd6 Bxd6 17. Nb5 Be5 18. f3 Nf6 19. Bd3 Nd5 20. Rfe1 Bf6
21. Rab1 O-O 22. c4 Nf4 23. g3 Nh3+ 24. Kg2 Ng5 25. h4 Nf7 26. Nc7 Ne5 27. Re3
Rc8 28. Nb5 Bc6 29. Na7 Ra8 30. Nxc6 Nxc6 31. Rxe6 Nd4 32. Ree1 Rxa2 33. Rxb7
h6 34. Bxf5 Nxf5 35. Re2 Bd4 36. Rd2 Rxc2 37. Rxc2 Ne3+ 38. Kh3 Nxc2 39. Rc7
Ne3 40. c5 Nf5 41. c6 Be5 42. Rd7 Nxg3 43. Kg4 Ne2 44. Kf5 Bg3 45. Rd2 Nc3 46.
Kg6 Kf8 47. Rd7 Ke8 48. Rxg7 Kd8 49. h5 Bf4 50. Rf7 Be3 51. Rd7+ Kc8 52. Rd3
Ne2 53. Rxe3 Ng3 54. f4 Nf1 55. Re7 1-0

[Event "Obro 60 aar"]
[Site "Kobenhavn"]
[Date "1996.10.20"]
[Round "9"]
[White "Schiodt, Niels Christian"]
[Black "Hartung Nielsen, Jens"]
[Result "0-1"]
[WhiteElo "2000"]
[BlackElo "2255"]
[PlyCount "136"]
[EventDate "1996.10.12"]
[EventCountry "DEN"]
[SourceVersionDate "2022.08.28"]

1. e4 c5 2. Nf3 d6 3. d4 cxd4 4. Nxd4 Nf6 5. Nc3 g6 6. g3 Bg4 7. f3 Bd7 8. Bg2
Nc6 9. Be3 Bg7 10. Nde2 O-O 11. O-O Ne5 12. Nd5 Nxd5 13. exd5 Nc4 14. Bd4 Bxd4+
15. Qxd4 Qb6 16. Rf2 Qxb2 17. Qxb2 Nxb2 18. Rb1 Na4 19. Rxb7 Nc5 20. Rc7 Rfc8
21. Rxc8+ Rxc8 22. Nd4 e5 23. dxe6 fxe6 24. f4 Kf7 25. Rd2 Ke7 26. Re2 Kf6 27.
Rd2 Ke7 28. Re2 Kf6 29. Rd2 d5 30. Kf2 Nb7 31. Rd1 Nd6 32. g4 Rb8 33. Rd3 Rb4
34. g5+ Ke7 35. a3 Ra4 36. Ke2 Nb5 37. Ke3 Nxa3 38. Rb3 Nc4+ 39. Kd3 Na5 40.
Rb1 Ra3+ 41. Nb3 Ba4 42. Ra1 Bb5+ 43. Kc3 Rxa1 44. Nxa1 Bc4 45. Kb4 Nb7 46. c3
a5+ 47. Ka4 Bd3 48. Ka3 Nd6 49. Nb3 Nc4+ 50. Ka2 Ne3 51. Bf3 Bc4 52. Kb2 Bxb3
53. Kxb3 Kd6 54. Ka4 Kc5 55. Kxa5 Kc4 56. Kb6 Kxc3 57. Kc6 Nf5 58. Kd7 Kd3 59.
Bd1 Nd4 60. h4 Ke3 61. f5 exf5 62. Kd6 Ke4 63. h5 f4 64. hxg6 hxg6 65. Bg4 Nf5+
66. Ke6 Nh4 67. Kf6 d4 68. Bd7 f3 0-1